Statistics for London Underground Stations Closest to Piccadilly Circus

Click here to take the quiz!

General Stats

  • This quiz has been taken 37 times
  • The average score is 6 of 7

Answer Stats

Answer % Correct
Oxford Circus
97%
Leicester Square
88%
Green Park
82%
Charing Cross
79%
Covent Garden
76%
Tottenham Court Road
71%
Embankment
68%

Score Distribution

Percentile by Number Answered

Percent of People with Each Score

Your Score History

You have not taken this quiz